| 000 | 00804nam a2200205 a 4500 | ||
|---|---|---|---|
| 003 | 0 | ||
| 005 | 20250526161124.0 | ||
| 008 | 021128s19uu xx 00 eng d | ||
| 050 |
_aPGS HV 4999.Y68 _b.C112 2001 |
||
| 100 | _aCabanas, Mari-Ann Claveria. | ||
| 245 |
_aPerception of third year high school students on drug dependency / _cMari-Ann Claveria Cabanas. |
||
| 260 |
_aLas PiƱas City, Philippines : _bSouthville International School and Colleges, _c2001. |
||
| 300 |
_a16 pages : _billustrations ; _c28 cm. |
||
| 504 | _aIncludes bibliographical references. | ||
| 650 |
_aDrug abuse _zPhilippines _vPublic opinion. |
||
| 650 |
_aDrug abuse _vSocial aspects _zPhilippines. |
||
| 650 |
_aTeenagers _vDrug use _zPhilippines. |
||
| 650 |
_aDrug dependency _vPsychological aspects. |
||
| 942 |
_2lcc _cPASS |
||
| 999 |
_c96563 _d96563 |
||